Представление документа в формате RUSMARC

ПолеНазваниеЗначение
  Тип записи a
  Библиографический уровень m
001 Контрольный номер RU/SLIB/B/208777213
005 Дата корректировки 20201206204325.9
010 Индекс ISBN __
a ISBN 5-7301-0223-2
d Цена 20-00
101 Язык документа __
a Язык текста rus
c Язык оригинала rus
200 Заглавие и сведения об ответственности 1_
a Заглавие Анализ произведений русской классики
e Сведения, относящиеся к заглавию кн. для учителя, старшекл., абитуриента
f Первые сведения об ответственности И. Е. Каплан
b Общее обозначение материала Текст
210 Выходные данные __
a Место издания Брянск
c Издательство Курсив
210 Выходные данные __
a Место издания М.
c Издательство Новая шк.
d Дата издания 2001
215 Физическое описание __
a Объем 155 с.
330 Аннотация __
a Аннотация Система образов произведений, композиция, биографические сведения о писателях, вопросы для учащихся к проведению уроков по литературе.
600 Персоналии __
a Персоналии (Фамилия) Пушкин, А. С.
600 Персоналии __
a Персоналии (Фамилия) Лермонтов, М. Ю.
600 Персоналии __
a Персоналии (Фамилия) Блок, А. А.
600 Персоналии __
a Персоналии (Фамилия) Твардовский, А. Т.
600 Персоналии __
a Персоналии (Фамилия) Тургенев, И. С.
600 Персоналии __
a Персоналии (Фамилия) Чехов, А. П.
600 Персоналии __
a Персоналии (Фамилия) Короленко, В. Г.
600 Персоналии __
a Персоналии (Фамилия) Горький, М.
600 Персоналии __
a Персоналии (Фамилия) Куприн, А. И.
600 Персоналии __
a Персоналии (Фамилия) Бунин, И. А.
600 Персоналии __
a Персоналии (Фамилия) Шукшин, В. М.
600 Персоналии __
a Персоналии (Фамилия) Грибоедов, А. С.
605 Заглавие как предмет __
a Заглавие Няне
605 Заглавие как предмет __
a Заглавие Я вас любил...
605 Заглавие как предмет __
a Заглавие Когда волнуется желтеющая нива
605 Заглавие как предмет __
a Заглавие Пророк
605 Заглавие как предмет __
a Заглавие Соловьиный сад
605 Заглавие как предмет __
a Заглавие Я знаю, никакой моей вины
605 Заглавие как предмет __
a Заглавие Герой нашего времени /роман/
605 Заглавие как предмет __
a Заглавие Максим Максимыч /гл. из романа "Герой нашего времени"/
605 Заглавие как предмет __
a Заглавие Герой нашего времени /роман/
605 Заглавие как предмет __
a Заглавие Тамань /гл. из романа "Герой нашего времени"/
605 Заглавие как предмет __
a Заглавие Герой нашего времени /роман/
605 Заглавие как предмет __
a Заглавие Фаталист /гл. из романа "Герой нашего времени"/
605 Заглавие как предмет __
a Заглавие Герой нашего времени /роман/
605 Заглавие как предмет __
a Заглавие Отцы и дети /роман/
605 Заглавие как предмет __
a Заглавие Тоска /рассказ/
605 Заглавие как предмет __
a Заглавие Палата № 6 /рассказ/
605 Заглавие как предмет __
a Заглавие Парадокс /расказ/
605 Заглавие как предмет __
a Заглавие Огоньки
605 Заглавие как предмет __
a Заглавие Лев Тостой
605 Заглавие как предмет __
a Заглавие Гранатовый браслет
605 Заглавие как предмет __
a Заглавие Господин из Сан-Франциско
605 Заглавие как предмет __
a Заглавие Легкое дыхание
605 Заглавие как предмет __
a Заглавие Экзамен
605 Заглавие как предмет __
a Заглавие Горе от ума /пьеса/
605 Заглавие как предмет __
a Заглавие На дне /пьеса/
605 Заглавие как предмет __
a Заглавие Вишневый сад /пьеса/
606 Тематические рубрики __
a Основная рубрика Образование. Педагогика
606 Тематические рубрики __
a Основная рубрика Методика преподавания учебных предметов
610 Ключевые слова __
a Ключевые слова методика преподавания литературы; русская литература; уроки литературы; преподавание литературы
686 Индексы других классификаций __
a Классификационный индекс 74.268.39(=411.2)
700 Автор _1
a Фамилия Каплан
b Имя И. Е.
4 Код отношения 070
801 Источник записи _0
a Страна RU
b Организация Муниципальное бюджетное учреждение культуры "Централизованная библиотечная система" г. Сургут (Центральная городская библиотека им. А. С. Пушкина)
g Правила каталогизации КиК/Котельникова
801 Источник записи _1
a Страна RU
b Организация Муниципальное бюджетное учреждение культуры "Централизованная библиотечная система" г. Сургут (Центральная городская библиотека им. А. С. Пушкина)
g Правила каталогизации КиК/Котельникова
852 Данные о местонахождении __
j Шифр хранения 74.268.39(=411.2)
c Каталожный индекс 74.268.3
i Авторский знак К 20
p Инвентарный номер Б/Н
901 Тип документа __
t Тип документа m
903 Характеристики (МАРС) __
a Дата передачи 20050729
969 Тип издания __
a Тип издания пособие
990 Данные о заказе (DOS) __
j Количество экземпляров (DOS) 1
h N записи в КСУ для Б/У (DOS) 200507